| 000 | 02114cam a2200397 a 4500 | ||
|---|---|---|---|
| 001 | 116226 | ||
| 005 | 20230410115820.0 | ||
| 008 | 030307s2003 nyu b 001 0 eng d | ||
| 035 | _a13114570 | ||
| 010 | _a 2003268750 | ||
| 020 | _a0415941725 | ||
| 020 | _a0415941733 (pbk.) | ||
| 035 | _a(OCoLC)ocm51442548 | ||
| 040 |
_aPIT _cPIT _dDLC |
||
| 042 | _alccopycat | ||
| 050 | 1 | 4 |
_aHM 756 _bL138c 2003 |
| 100 | 1 | _aLachs, John. | |
| 245 | 1 | 2 |
_aA community of individuals / _cJohn Lachs. |
| 260 |
_aNew York : _bRoutledge, _c2003. |
||
| 300 |
_a221 p. ; _c24 cm. |
||
| 440 | 4 | _aThe Routledge American philosophy series | |
| 500 | _aThis collection of philosophical essays discusses a range of key personal and social issues relevant to professionals and academics alike. | ||
| 504 | _aIncludes bibliographical references (p. 215-217) and index. | ||
| 505 | _aIntellectuals and courage -- Reflections on philosophy -- Teaching as a calling -- Education in the twenty-first century -- What humans did not make -- Valuational species -- Improving life -- Transcendence in philosophy and everyday life -- The vague hope of immortality -- Both better off and better : moral progress amid continuing carnage -- The significance of purposes for bioethics -- Grand dreams of perfect people -- Researchers and their subjects as neighbors -- Dying old as a social problem -- The insignificance of individuals -- Santayana as pragmatist -- Neoplatonic elements in the spiritual life -- Peirce : inquiry as social life -- Peirce and Santayana on purposes -- Metaphysics and the social construction of human nature. | ||
| 650 | 0 |
_aCommunities _xPhilosophy. |
|
| 650 | 0 | _aIndividualism. | |
| 650 | 0 | _aPhilosophy, American. | |
| 650 | 4 | _aComunidades. | |
| 650 | 4 | _aFilosofĂa. | |
| 650 | 4 | _aIndividualismo. | |
| 650 | 4 | _aFilosofĂa americana. | |
| 856 | 4 | 2 |
_3Publisher description _uhttp://www.loc.gov/catdir/enhancements/fy0651/2003268750-d.html |
| 856 | 4 | 2 |
_3Contributor biographical information _uhttp://www.loc.gov/catdir/enhancements/fy1102/2003268750-b.html |
| 942 |
_2lcc _cbk |
||
| 946 | _aPP | ||
| 999 |
_c48525 _d48525 |
||